A Study on the loss of germinating power in Hevea seeds (Record no. 45648)

MARC details
000 -LEADER
fixed length control field 00305nam a2200109Ia 4500
100 ## - MAIN ENTRY--AUTHOR NAME
Personal name Gianping Zhou
245 #2 - TITLE STATEMENT
Title A Study on the loss of germinating power in Hevea seeds
260 ## - PUBLICATION, DISTRIBUTION, ETC. (IMPRINT)
Name of publisher Chinese Journal of Tropical Crops
Year of publication 1983
300 ## - PHYSICAL DESCRIPTION
Number of Pages 18p
942 ## - ADDED ENTRY ELEMENTS (KOHA)
Koha item type Reprints
Holdings
Withdrawn status Lost status Damaged status Not for loan Home library Current library Date acquired Serial Enumeration / chronology Accession Number Koha item type
      Reprints RRII Library RRII Library 22/12/2021 Volume 10, Issue P1284 Reprints